header

Science and technology leadership in American government (Record no. 165995)

MARC details
000 -LEADER
fixed length control field 01594nam a2200325 a 4500
082 04 - DEWEY DECIMAL CLASSIFICATION NUMBER
Classification number 338.97306
245 10 - TITLE STATEMENT
Title Science and technology leadership in American government
260 ## - PUBLICATION, DISTRIBUTION, ETC. (IMPRINT)
Place of publication Washington, D.C. :
Name of publisher National Academy Press,
Year of publication 1992.
300 ## - PHYSICAL DESCRIPTION
Number of Pages ix, 90 p. :
Other physical details ill.
650 #0 - SUBJECT ADDED ENTRY--TOPICAL TERM
Topical Term Science and state
Topical Term Technology and state
Topical Term Government executives
Topical Term Cabinet officers
856 40 - ELECTRONIC LOCATION AND ACCESS
Uniform Resource Identifier http://site.ebrary.com/lib/rucke/Doc?id=10055129

No items available.

© 2026 Rongo University
Contact us: librarian | system librarian | Rongo university